000 00420nam a2200169 a 4500
001 11254
003 CO-ViMGA
008 141112s2004 ck r 000 u spa d
040 _aCO-ViMGA
_bspa
_cCO-ViMGA
082 0 4 _aPe861.6 Y74v
100 1 _aYrigoyen, Martin
_915683
245 1 0 _aLos viajes
260 _aChile,
_cAlfabeta impresores,
_c1989
300 _a51 p.
650 1 4 _aPOESIA PERUANA
_915684
942 _2ddc
_cBK
999 _c22462
_d22462